| 000 | 01075cam a2200265 4500 | ||
|---|---|---|---|
| 008 | 020226n2002 000 0 eng u | ||
| 035 | _a(Sirsi) u116839 | ||
| 050 | _a692.8 | ||
| 110 |
_aJoint Contracts Tribunal _93664 |
||
| 245 | _aAgreement for minor building works 1998 edition. Amendment 4 and guidance notes issued January 2002 : dispute resolution / defects liability / progress payments / payment and deduction notices / attestation | ||
| 260 |
_aLondon _bRIBA Publications _c2002 |
||
| 300 |
_a8p. _c30cm. |
||
| 350 | _a1.60 | ||
| 490 |
_aJCT Agreement for Minor Building Works 1998 Edition _vAmendment 4 |
||
| 650 | _aATTESTATION | ||
| 650 | _aBUILT ENVIRONMENT-BUILDING CONTRACT FORMS | ||
| 650 | _aDEDUCTION NOTES | ||
| 650 | _aDEFECTS LIABILITY | ||
| 650 |
_aDISPUTE RESOLUTION _96236 |
||
| 650 | _aBUILT ENVIRONMENT-BUILDING CONTRACT FORMS-STANDARD FORMS OF BUILDING CONTRACT-JOINT CONTRACTS TRIBNUAL CONTRACTS | ||
| 650 | _aPAYMENT NOTICES | ||
| 650 | _aPROGRESS PAYMENTS | ||
| 690 | _aBUILT ENVIRONMENT-BUILDING CONTRACT FORMS | ||
| 942 | _n0 | ||
| 999 |
_c101904 _d101904 |
||